000
00294nam a22001337a 4500
008
230719b ||||| |||| 00| 0 eng d
041
_a
eng
080
_a
575
082
_a
575MUL
100
_a
13
101
_a
BIOKI
245
_a
THE ORIGINS OF CHEMISTRY
_c
MULTHAUF . P .R
942
_2
udc
_c
BK
999
_c
60179
_d
60179